ARRUPE JESUIT UNIVERSITY

CORONAVIRUS -STOP THE SPREAD - CLEAN,DISINFECT,COVER

Bin Laden : (Record no. 131804)

MARC details
000 -LEADER
fixed length control field 00982cam a2200301 a 4500
001 - CONTROL NUMBER
control field 12631199
003 - CONTROL NUMBER IDENTIFIER
control field ARRUPE
005 - DATE AND TIME OF LATEST TRANSACTION
control field 20240216094922.0
008 - FIXED-LENGTH DATA ELEMENTS--GENERAL INFORMATION
fixed length control field 011102s2001 stk 000 0beng
010 ## - LIBRARY OF CONGRESS CONTROL NUMBER
LC control number 2001391519
015 ## - NATIONAL BIBLIOGRAPHY NUMBER
National bibliography number GBA1-U6681
020 ## - INTERNATIONAL STANDARD BOOK NUMBER
International Standard Book Number 184018597X
035 ## - SYSTEM CONTROL NUMBER
System control number (OCoLC)ocm48415653
040 ## - CATALOGING SOURCE
Original cataloging agency UKM
Transcribing agency UKM
Modifying agency DLC
043 ## - GEOGRAPHIC AREA CODE
Geographic area code a-su---
-- a-af---
050 00 - LIBRARY OF CONGRESS CALL NUMBER
Classification number HV6430.B55
Item number R63 2001
082 00 - DEWEY DECIMAL CLASSIFICATION NUMBER
Classification number 958.104/6/092
-- B
Edition number 21
300 ## - PHYSICAL DESCRIPTION
Dimensions 20 cm.
100 1# - MAIN ENTRY--PERSONAL NAME
Personal name Robinson, Adam.
9 (RLIN) 52450
245 10 - TITLE STATEMENT
Title Bin Laden :
Remainder of title behind the mask of the terrorist /
Statement of responsibility, etc Adam Robinson.
260 ## - PUBLICATION, DISTRIBUTION, ETC. (IMPRINT)
Place of publication, distribution, etc Edinburgh :
Name of publisher, distributor, etc Mainstream,
Date of publication, distribution, etc 2001.
300 ## - PHYSICAL DESCRIPTION
Extent 288 p. ;
600 10 - SUBJECT ADDED ENTRY--PERSONAL NAME
Personal name Bin Laden, Osama,
Dates associated with a name 1957-2011.
9 (RLIN) 52451
650 #0 - SUBJECT ADDED ENTRY--TOPICAL TERM
Topical term or geographic name as entry element Terrorists
Geographic subdivision Saudi Arabia
Form subdivision Biography.
9 (RLIN) 52452
650 #0 - SUBJECT ADDED ENTRY--TOPICAL TERM
Topical term or geographic name as entry element Terrorism
General subdivision Religious aspects
-- Islam.
9 (RLIN) 23980
906 ## - LOCAL DATA ELEMENT F, LDF (RLIN)
a 7
b cbc
c copycat
d 1
e ncip
f 20
g y-gencatlg
942 ## - ADDED ENTRY ELEMENTS (KOHA)
Source of classification or shelving scheme Library of Congress Classification
Koha item type Monograph ( Printed materials)
Holdings
Withdrawn status Lost status Source of classification or shelving scheme Damaged status Not for loan Collection code Home library Current library Shelving location Date acquired Total Checkouts Full call number Barcode Checked out Date last seen Date checked out Price effective from Koha item type
    Library of Congress Classification     Main Collection ARRUPE LIBRARY ARRUPE LIBRARY Main Collection 16/02/2024 1 HV6430.B55 R63 2001 46700000345 01/07/2024 01/07/2024 01/07/2024 16/02/2024 Monograph ( Printed materials)

 

Arrupe Library. PO Box MP320 Mt Pleasant, Harare, Zimbabwe
263 242 745411|librarian@aju.ac.zw